[Event "VIII Festival de Semana Santa"]
[Site "Mondariz Balneario, Pontevedra"]
[Date "2011.04.16"]
[Round "1.1"]
[White "Renteria, Jorge"]
[Black "Juan Morado, Miguel"]
[Result "1-0"]
[WhiteElo "2292"]
[BlackElo "1910"]
[PlyCount "77"]
[EventDate "2011.04.16"]

1. e4 Nf6 2. e5 Nd5 3. c4 Nb6 4. d4 d6 5. exd6 cxd6 6. Nc3 g6 7. Be3 Bg7 8. Rc1
O-O 9. b3 d5 10. c5 N6d7 11. Nxd5 e5 12. dxe5 Nxe5 13. Be2 Nbc6 14. Nf3 Be6 15.
Nf4 Qa5+ 16. Qd2 Nxf3+ 17. Bxf3 Qxd2+ 18. Bxd2 Rfe8 19. O-O Rad8 20. Bxc6 bxc6
21. Ba5 Rd4 22. Nxe6 Rxe6 23. Rfe1 Rde4 24. Rxe4 Rxe4 25. Kf1 Kf8 26. f3 Rd4
27. Bc3 Rd5 28. Bxg7+ Kxg7 29. Ke2 Kf6 30. b4 h5 31. Rc3 Ke7 32. Ra3 Rd7 33.
Ra6 Rc7 34. Kd3 Ke6 35. Kc4 Kd7 36. a4 Rb7 37. b5 cxb5+ 38. axb5 Rc7 39. Kd5
1-0

[Event "VIII Festival de Semana Santa"]
[Site "Mondariz Balneario, Pontevedra"]
[Date "2011.04.16"]
[Round "1.2"]
[White "Ruiz Abad, Juan Manuel"]
[Black "Martinez Rodriguez, Pablo"]
[Result "0-1"]
[WhiteElo "1895"]
[BlackElo "2284"]
[PlyCount "116"]
[EventDate "2011.04.16"]

1. e4 c6 2. d4 d5 3. e5 Bf5 4. Nf3 e6 5. Be2 Nd7 6. O-O h6 7. Nc3 Ne7 8. Be3
Bh7 9. Bd3 Bxd3 10. Qxd3 c5 11. Ne2 Nc6 12. c4 Nb4 13. Qb3 dxc4 14. Qxc4 Nb6
15. Qb5+ Qd7 16. Qxd7+ Nxd7 17. Bd2 Nd5 18. Rac1 b6 19. Nc3 Nxc3 20. Bxc3 O-O-O
21. dxc5 Nxc5 22. b4 Nd3 23. Rc2 Kb7 24. b5 Bc5 25. Nd2 Rd5 26. Nc4 Rc8 27. Nb2
Nxf2 28. Rfxf2 Bxf2+ 29. Kxf2 Rxe5 30. Nd1 Rxb5 31. Rd2 f6 32. Rd7+ Rc7 33.
Rxc7+ Kxc7 34. Ne3 Rb1 35. Ke2 Kc6 36. Kd2 Rh1 37. h3 Rg1 38. Ke2 Rb1 39. Nd1
Rb5 40. Ne3 a5 41. Nc2 Rc5 42. Kd3 h5 43. Bd4 Rd5 44. Ne3 Rd7 45. Ke4 b5 46.
Nc2 Rd5 47. Be3 e5 48. g4 hxg4 49. hxg4 g6 50. Bh6 Kd6 51. Ne3 Rd4+ 52. Kf3 Ke6
53. Bf8 f5 54. gxf5+ gxf5 55. Bc5 Rd2 56. a3 f4 57. Nf1 Rc2 58. Bf8 Kf5 0-1

[Event "VIII Festival de Semana Santa"]
[Site "Mondariz Balneario, Pontevedra"]
[Date "2011.04.16"]
[Round "1.3"]
[White "Fernandez De Pablo, Miguel A"]
[Black "Cabanas Rodriguez, Roi"]
[Result "1-0"]
[WhiteElo "2160"]
[BlackElo "1846"]
[PlyCount "119"]
[EventDate "2011.04.16"]

1. e4 c5 2. Nf3 d6 3. d4 cxd4 4. Nxd4 Nf6 5. Nc3 g6 6. Be3 Bg7 7. f3 Nc6 8. Qd2
O-O 9. O-O-O Nxd4 10. Bxd4 Be6 11. g4 Qa5 12. g5 Nh5 13. Bxg7 Nxg7 14. a3 Rfc8
15. Nd5 Qxd2+ 16. Rxd2 Bxd5 17. Rxd5 Ne6 18. Bh3 Rc7 19. Bg4 Rac8 20. c3 Rc5
21. h4 R8c7 22. Bxe6 fxe6 23. Rxc5 Rxc5 24. Kd2 e5 25. h5 Kf7 26. Kd3 gxh5 27.
Rxh5 Kg6 28. Rh6+ Kxg5 29. Rxh7 Rc7 30. Rf7 Kg6 31. Rf8 Kg7 32. Rb8 Kf7 33. b4
Ke6 34. a4 b6 35. Rd8 Rc6 36. c4 Rc7 37. Kc3 Rd7 38. Ra8 Rc7 39. Kb3 Kd7 40. b5
Ke6 41. Rd8 Kf6 42. Kb4 Kg5 43. Rf8 Kg6 44. Rg8+ Kf7 45. Ra8 Kf6 46. a5 Kg5 47.
axb6 axb6 48. Rb8 Kf4 49. Rxb6 Kxf3 50. Rc6 Rb7 51. b6 Kxe4 52. Kb5 d5 53. c5
d4 54. Rc7 Rb8 55. c6 d3 56. Rd7 Ke3 57. c7 Ra8 58. Rd8 Ra1 59. c8=Q Rb1+ 60.
Ka4 1-0

[Event "VIII Festival de Semana Santa"]
[Site "Mondariz Balneario, Pontevedra"]
[Date "2011.04.16"]
[Round "1.4"]
[White "Fernandez Andrade, Antonio"]
[Black "Montanes Arribas, Adrian"]
[Result "1/2-1/2"]
[WhiteElo "1825"]
[BlackElo "2160"]
[PlyCount "84"]
[EventDate "2011.04.16"]

1. c4 c6 2. d4 d5 3. Nc3 Nf6 4. Nf3 e6 5. e3 Nbd7 6. Bd3 dxc4 7. Bxc4 b5 8. Bd3
Bb7 9. O-O b4 10. Na4 c5 11. Nxc5 Nxc5 12. dxc5 Bxc5 13. Bb5+ Ke7 14. b3 Ne4
15. Qc2 Qb6 16. Bd3 f5 17. Bxe4 Bxe4 18. Qb2 Bxf3 19. Qxg7+ Kd6 20. Qg3+ Ke7
21. Qxf3 Rhf8 22. Bb2 Rad8 23. Rad1 Bd6 24. Qh5 Rf7 25. Bd4 Qb7 26. Qh4+ Ke8
27. Be5 Qb8 28. Rxd6 Rxd6 29. g3 Qd8 30. Bxd6 Qxd6 31. Rc1 Rc7 32. Rxc7 Qxc7
33. Qxb4 Qc1+ 34. Kg2 Qc6+ 35. e4 fxe4 36. Qb8+ Kf7 37. Qxa7+ Kg6 38. Qa4 Qb7
39. Qe8+ Kf6 40. Qh8+ Kg6 41. Qe8+ Kf6 42. Qf8+ Kg6 1/2-1/2

[Event "VIII Festival de Semana Santa"]
[Site "Mondariz Balneario, Pontevedra"]
[Date "2011.04.16"]
[Round "1.5"]
[White "Villar Perez, Samuel"]
[Black "Salas Rasilla, Concepcion"]
[Result "1-0"]
[WhiteElo "2156"]
[BlackElo "1809"]
[PlyCount "65"]
[EventDate "2011.04.16"]

1. d4 Nf6 2. Nf3 g6 3. c4 Bg7 4. Nc3 O-O 5. g3 d6 6. Bg2 Nbd7 7. O-O e5 8. e4
Re8 9. h3 exd4 10. Nxd4 Nc5 11. Re1 a5 12. Qc2 c6 13. Be3 Qc7 14. Rad1 Bd7 15.
Nde2 Ne6 16. f4 Rad8 17. Na4 Nc5 18. Nxc5 dxc5 19. Bxc5 b5 20. Bf2 c5 21. cxb5
Bxb5 22. Rxd8 Rxd8 23. e5 Nd7 24. Nc3 Bc6 25. Bxc6 Qxc6 26. Rd1 Rb8 27. Rd6 Qc8
28. Nd5 Kf8 29. Qa4 Nxe5 30. fxe5 Bxe5 31. Rb6 Qxh3 32. Rxb8+ Bxb8 33. Bxc5+
1-0

[Event "VIII Festival de Semana Santa"]
[Site "Mondariz Balneario, Pontevedra"]
[Date "2011.04.16"]
[Round "1.6"]
[White "Perez Dominguez, David"]
[Black "Lorenzo Duran, Marcos"]
[Result "1/2-1/2"]
[WhiteElo "1791"]
[BlackElo "2140"]
[PlyCount "79"]
[EventDate "2011.04.16"]

1. e4 e6 2. d4 d5 3. Nc3 Bb4 4. e5 Ne7 5. a3 Bxc3+ 6. bxc3 c5 7. Qg4 O-O 8. Bd3
f5 9. exf6 Rxf6 10. Qh5 g6 11. Qg5 Qf8 12. Nf3 Nbc6 13. O-O cxd4 14. cxd4 Rxf3
15. gxf3 Nxd4 16. Qf4 Qxf4 17. Bxf4 e5 18. Bg3 Bh3 19. Rfb1 Nxf3+ 20. Kh1 b6
21. a4 e4 22. Ba6 Nf5 23. a5 Nxg3+ 24. hxg3 bxa5 25. Rxa5 Be6 26. Bb7 Rb8 27.
Rxa7 Nd4 28. c3 Ne2 29. Rb6 Bf7 30. Rc6 e3 31. fxe3 Nxg3+ 32. Kg1 Nf5 33. Kf2
Re8 34. Rc8 Rxc8 35. Bxc8 Nd6 36. Rc7 g5 37. Bb7 h5 38. Kg2 Nf5 39. Rc5 g4 40.
e4 1/2-1/2

[Event "VIII Festival de Semana Santa"]
[Site "Mondariz Balneario, Pontevedra"]
[Date "2011.04.16"]
[Round "1.7"]
[White "Beltran De Heredia E, Miguel"]
[Black "Llaneras Henarejos, Miguel"]
[Result "1-0"]
[WhiteElo "2116"]
[BlackElo "1746"]
[PlyCount "69"]
[EventDate "2011.04.16"]

1. e4 d6 2. d4 g6 3. Nc3 Bg7 4. Be3 a6 5. Qd2 b5 6. O-O-O Nd7 7. g4 Bb7 8. f3
c5 9. Kb1 Qc7 10. h4 Rc8 11. h5 b4 12. Nce2 a5 13. h6 Bf8 14. g5 e5 15. dxc5
Nxc5 16. Bh3 Rd8 17. Nc1 d5 18. Qh2 d4 19. Rxd4 Rxd4 20. Bxd4 Bd6 21. Be3 Ne7
22. Nge2 O-O 23. Rd1 Ba6 24. Ng3 Na4 25. Qd2 Bc5 26. Bxc5 Nxc5 27. Qd6 Qxd6 28.
Rxd6 Bc8 29. Bxc8 Rxc8 30. Nd3 Nxd3 31. Rxd3 Kf8 32. Nf1 Nc6 33. c3 Ke7 34. Ne3
Ke6 35. Ng4 1-0

[Event "VIII Festival de Semana Santa"]
[Site "Mondariz Balneario, Pontevedra"]
[Date "2011.04.16"]
[Round "1.8"]
[White "Blanco Montes, Jorge"]
[Black "Clemente Llamero, Roberto"]
[Result "0-1"]
[WhiteElo "1733"]
[BlackElo "2114"]
[PlyCount "105"]
[EventDate "2011.04.16"]

1. e4 c6 2. d4 d5 3. exd5 cxd5 4. Nf3 Nf6 5. Bd3 Nc6 6. c3 g6 7. Bg5 Bg7 8. O-O
h6 9. Bf4 Nh5 10. Be3 Qc7 11. Qc2 Nf4 12. Re1 Nxd3 13. Qxd3 O-O 14. Qd2 Kh7 15.
Bf4 Qd8 16. Ne5 Nxe5 17. Bxe5 f6 18. Bg3 Re8 19. Na3 Bd7 20. Rad1 Qa5 21. Re2
Rac8 22. Rde1 e6 23. Rc1 Qa6 24. Ree1 b6 25. Qe2 Qxe2 26. Rxe2 e5 27. dxe5 fxe5
28. Rce1 e4 29. f3 exf3 30. Re7 Bc6 31. gxf3 d4 32. cxd4 Kg8 33. Rxe8+ Bxe8 34.
Bf2 Bf7 35. b3 Rc3 36. Be3 Bd5 37. Kf2 a6 38. Ke2 b5 39. Kd2 Rc6 40. Nc2 Bxf3
41. Nb4 Rd6 42. Nc2 g5 43. Bg1 Bh5 44. Kc3 Rc6+ 45. Kb2 Bg6 46. Re2 Rd6 47. Kc3
a5 48. b4 Rc6+ 49. Kb3 a4+ 50. Kb2 Rc4 51. Na3 Bxd4+ 52. Bxd4 Rxd4 53. Nxb5 0-1

[Event "VIII Festival de Semana Santa"]
[Site "Mondariz Balneario, Pontevedra"]
[Date "2011.04.16"]
[Round "1.9"]
[White "Martin Duque, Jesus"]
[Black "Picazo Gonzalez, Ana"]
[Result "1-0"]
[WhiteElo "2113"]
[BlackElo "1722"]
[PlyCount "55"]
[EventDate "2011.04.16"]

1. e4 e6 2. d4 d5 3. e5 c5 4. c3 Qb6 5. Nf3 Nc6 6. a3 Nh6 7. b4 cxd4 8. cxd4
Nf5 9. Bb2 Bd7 10. g4 Nfe7 11. Nc3 Ng6 12. Na4 Qd8 13. h4 h5 14. g5 Be7 15. Rc1
O-O 16. Nd2 b6 17. b5 Na5 18. Qxh5 a6 19. Qg4 axb5 20. Nc3 Nc4 21. Bxc4 bxc4
22. h5 Nh8 23. f4 Bxa3 24. Bxa3 Rxa3 25. Qh3 Qe7 26. h6 f5 27. gxf6 gxf6 28.
Rg1+ 1-0

[Event "VIII Festival de Semana Santa"]
[Site "Mondariz Balneario, Pontevedra"]
[Date "2011.04.16"]
[Round "1.10"]
[White "Blanco Dans, Manuel"]
[Black "Teijeiro Barros, Alberto"]
[Result "0-1"]
[WhiteElo "1690"]
[BlackElo "2105"]
[PlyCount "72"]
[EventDate "2011.04.16"]

1. e4 c6 2. d4 d5 3. Nc3 dxe4 4. Nxe4 Nd7 5. Ng5 Ngf6 6. Bd3 e6 7. N1f3 Bd6 8.
O-O h6 9. Ne4 Nxe4 10. Bxe4 Nf6 11. Bd3 b6 12. Re1 Bb7 13. c4 O-O 14. h3 Qc7
15. b3 c5 16. Bb2 Rad8 17. dxc5 Qxc5 18. Bxf6 gxf6 19. Qe2 f5 20. Rad1 Kh7 21.
Kh1 Rg8 22. Rg1 Bb8 23. Bc2 Qc7 24. g3 Qc6 25. Kg2 Qc7 26. Kh2 Rxd1 27. Qxd1
Qd8 28. Nh4 Qxh4 29. Qd7 Be4 30. Qxf7+ Rg7 31. Qe8 Bxc2 32. Qxb8 Qd4 33. Qf4
Qxf4 34. gxf4 Rxg1 35. Kxg1 Bb1 36. a3 Ba2 0-1

[Event "VIII Festival de Semana Santa"]
[Site "Mondariz Balneario, Pontevedra"]
[Date "2011.04.16"]
[Round "1.11"]
[White "Feijoo Novoa, Carlos"]
[Black "Ballesteros Galvez, Daniel"]
[Result "0-1"]
[WhiteElo "2089"]
[BlackElo "1683"]
[PlyCount "146"]
[EventDate "2011.04.16"]

1. e4 e5 2. Nf3 Nf6 3. Nc3 Nc6 4. Bb5 Nd4 5. Bc4 d6 6. Ng5 Ne6 7. d3 Be7 8. O-O
O-O 9. Ne2 Nxg5 10. Bxg5 h6 11. Bd2 c6 12. a4 d5 13. exd5 cxd5 14. Bb3 Bd6 15.
Ng3 Re8 16. Nh5 Be6 17. f4 d4 18. Nxf6+ Qxf6 19. fxe5 Qxe5 20. Bf4 Qc5 21. Qf3
Bxb3 22. cxb3 Bxf4 23. Qxf4 Re7 24. Rac1 Qb6 25. Rc4 Qxb3 26. Qxd4 Rae8 27. Rb4
Qc2 28. Qd5 Qe2 29. h3 Qe3+ 30. Kh1 b6 31. Rbf4 Rf8 32. b4 Qe5 33. Qf3 Qe3 34.
Qd5 Qe5 35. Qb3 Qe6 36. Qb2 Rd8 37. Re4 Qd6 38. Qf2 Rdd7 39. Rxe7 Rxe7 40. Qd2
Re4 41. Qa2 Qe6 42. Qxe6 Rxe6 43. Rc1 Rd6 44. Rc8+ Kh7 45. Rc7 Rxd3 46. Rxa7
Rd4 47. b5 f6 48. Ra6 Kg6 49. Kg1 Kf5 50. Kf2 Kf4 51. g3+ Ke4 52. Ra7 g5 53. a5
bxa5 54. b6 Rb4 55. b7 Rb2+ 56. Ke1 Kf3 57. g4 Kg3 58. Ra6 Rxb7 59. Rxf6 Kxh3
60. Rxh6+ Kxg4 61. Ra6 Rb5 62. Kf2 Rb2+ 63. Kf1 Ra2 64. Rc6 Kh4 65. Kg1 g4 66.
Rc8 Kh3 67. Rc7 a4 68. Rc8 a3 69. Ra8 Kg3 70. Kf1 Ra1+ 71. Ke2 a2 72. Ra4 Rh1
73. Ra3+ Kh4 0-1

[Event "VIII Festival de Semana Santa"]
[Site "Mondariz Balneario, Pontevedra"]
[Date "2011.04.16"]
[Round "1.12"]
[White "Nunez Alonso, Juan"]
[Black "Garcia Magadan, Ramon"]
[Result "1-0"]
[WhiteElo "1681"]
[BlackElo "2046"]
[PlyCount "131"]
[EventDate "2011.04.16"]

1. e4 e5 2. Nf3 Nc6 3. Bc4 Nf6 4. Nc3 Bc5 5. O-O d6 6. h3 O-O 7. d3 h6 8. Be3
Bb6 9. Ne2 Be6 10. Bb3 d5 11. Bxb6 axb6 12. Ng3 Qd6 13. c3 dxe4 14. dxe4 Qxd1
15. Rfxd1 Bxb3 16. axb3 Rxa1 17. Rxa1 Rd8 18. b4 b5 19. Kf1 g6 20. Ke2 Kg7 21.
Ne1 Ne8 22. Nc2 Nd6 23. Ne3 Ne7 24. Rd1 Ra8 25. Ngf1 Ra2 26. f3 Rxb2+ 27. Rd2
Rxd2+ 28. Nxd2 f5 29. Kd3 Kf6 30. Nb3 b6 31. Nd2 f4 32. Ng4+ Ke6 33. Nxh6 c5
34. Ng4 Nc6 35. bxc5 bxc5 36. Nf2 c4+ 37. Kc2 Nc8 38. Nd1 Kd6 39. Nb2 Kc5 40.
Nb1 g5 41. Na3 N8e7 42. Kd2 Na5 43. Nc2 Nec6 44. Nd1 Nb3+ 45. Ke2 b4 46. Ke1
Nc1 47. Kd2 Nd3 48. Ne1 bxc3+ 49. Nxc3 Nxe1 50. Kxe1 Kb4 51. Nd5+ Kb3 52. Kd2
Kb2 53. Nc3 Nd4 54. Na4+ Kb3 55. Nc5+ Kb4 56. Na6+ Kb3 57. Nc5+ Kb2 58. Na4+
Ka3 59. Nc5 Nb3+ 60. Kc3 Nxc5 61. Kxc4 Nd3 62. Kxd3 Kb3 63. Ke2 Kc2 64. Kf2 Kd2
65. g3 fxg3+ 66. Kxg3 1-0

[Event "VIII Festival de Semana Santa"]
[Site "Mondariz Balneario, Pontevedra"]
[Date "2011.04.16"]
[Round "1.13"]
[White "Gonzalez Roca, Pablo"]
[Black "Dominguez Certal, Dario"]
[Result "1-0"]
[WhiteElo "2024"]
[BlackElo "1529"]
[PlyCount "35"]
[EventDate "2011.04.16"]

1. e4 c5 2. Nf3 Nc6 3. d4 cxd4 4. Nxd4 Nf6 5. Nc3 d6 6. Bg5 e6 7. Qd2 h6 8. Be3
Be7 9. f3 O-O 10. O-O-O Nxd4 11. Bxd4 a6 12. g4 b5 13. h4 b4 14. Ne2 a5 15. g5
hxg5 16. hxg5 Nh7 17. f4 e5 18. Ng3 1-0

[Event "VIII Festival de Semana Santa"]
[Site "Mondariz Balneario, Pontevedra"]
[Date "2011.04.16"]
[Round "1.14"]
[White "Nunez Alonso, Raul"]
[Black "Madurga Lopez, Ignacio"]
[Result "0-1"]
[WhiteElo "1442"]
[BlackElo "2017"]
[PlyCount "58"]
[EventDate "2011.04.16"]

1. e4 c5 2. Nf3 d6 3. d4 cxd4 4. Nxd4 Nf6 5. Nc3 e6 6. Bb5+ Nbd7 7. O-O a6 8.
Bxd7+ Qxd7 9. Re1 b5 10. a3 Bb7 11. Nf3 Qc6 12. Qd3 Be7 13. Bg5 O-O 14. Rad1
Rfd8 15. Bxf6 Bxf6 16. Re3 Rac8 17. Qe2 Qb6 18. e5 Bxf3 19. Qxf3 Bxe5 20. Red3
d5 21. Qh5 Bd6 22. Rf3 Rd7 23. Qg4 Rc4 24. Nxd5 Rxg4 25. Nxb6 Bxh2+ 26. Kxh2
Rxd1 27. Rb3 Kf8 28. Kh3 h5 29. g3 Rd6 0-1

[Event "VIII Festival de Semana Santa"]
[Site "Mondariz Balneario, Pontevedra"]
[Date "2011.04.17"]
[Round "2.1"]
[White "Teijeiro Barros, Alberto"]
[Black "Renteria, Jorge"]
[Result "0-1"]
[WhiteElo "2105"]
[BlackElo "2292"]
[PlyCount "78"]
[EventDate "2011.04.16"]

1. Nf3 c5 2. c4 Nc6 3. Nc3 e5 4. g3 g6 5. Bg2 Bg7 6. O-O Nge7 7. d3 O-O 8. a3
a5 9. Rb1 Rb8 10. Bd2 d6 11. Qa4 b6 12. Nb5 h6 13. b4 axb4 14. axb4 Be6 15.
bxc5 dxc5 16. Nc3 Nd4 17. Ra1 Bg4 18. Be3 Nxf3+ 19. exf3 Bd7 20. Qc2 Bc6 21. f4
Bxg2 22. Kxg2 Nf5 23. Ra7 exf4 24. Bxf4 Bxc3 25. Qxc3 Ra8 26. Rxa8 Qxa8+ 27. f3
Re8 28. Re1 Rxe1 29. Qxe1 h5 30. Qe4 Qa2+ 31. Kg1 Qa4 32. Kg2 Nd4 33. Be3 Qa2+
34. Kh3 Ne6 35. g4 hxg4+ 36. fxg4 Qe2 37. Kg3 Qf1 38. h3 Qe1+ 39. Kg2 Qd1 0-1

[Event "VIII Festival de Semana Santa"]
[Site "Mondariz Balneario, Pontevedra"]
[Date "2011.04.17"]
[Round "2.2"]
[White "Martinez Rodriguez, Pablo"]
[Black "Ruiz Martinez, Isidro"]
[Result "1-0"]
[WhiteElo "2284"]
[BlackElo "1989"]
[PlyCount "49"]
[EventDate "2011.04.16"]

1. Nf3 Nf6 2. c4 g6 3. Nc3 d6 4. d4 Bg7 5. e4 O-O 6. Be2 e5 7. O-O Nc6 8. d5
Ne7 9. Nd2 h5 10. b4 Ng4 11. c5 f5 12. Nc4 f4 13. a4 Kh8 14. Nb5 Rf6 15. Ba3
Bf8 16. Nxc7 Qxc7 17. cxd6 Rxd6 18. Nxd6 Qxd6 19. b5 Qd7 20. Rc1 g5 21. d6 Ng6
22. Rc7 Qd8 23. Qd5 Nf6 24. Qf7 Qe8 25. Qxf6+ 1-0

[Event "VIII Festival de Semana Santa"]
[Site "Mondariz Balneario, Pontevedra"]
[Date "2011.04.17"]
[Round "2.3"]
[White "Madurga Lopez, Ignacio"]
[Black "Fernandez De Pablo, Miguel A"]
[Result "1-0"]
[WhiteElo "2017"]
[BlackElo "2160"]
[PlyCount "77"]
[EventDate "2011.04.16"]

1. e4 c5 2. Nf3 Nc6 3. d4 cxd4 4. Nxd4 Nf6 5. Nc3 e5 6. Ndb5 d6 7. Bg5 a6 8.
Na3 b5 9. Bxf6 gxf6 10. Nd5 Bg7 11. Bd3 Ne7 12. Nxe7 Qxe7 13. O-O O-O 14. c4 f5
15. Qf3 Qb7 16. exf5 Qxf3 17. gxf3 d5 18. cxd5 e4 19. fxe4 Bxb2 20. Nc2 Bxa1
21. Rxa1 Bb7 22. Ne3 Rac8 23. Kf1 Rc3 24. Ke2 Rfc8 25. Kd2 b4 26. f6 Kf8 27.
Rg1 a5 28. Rg7 Ra3 29. Bb1 b3 30. axb3 Rxb3 31. Rxh7 Ke8 32. Bc2 Rb2 33. Kc1
Rb4 34. Nf5 a4 35. Nd6+ Kd7 36. Nxb7 a3 37. Rxf7+ Ke8 38. Nd6+ Kd8 39. Nxc8 1-0

[Event "VIII Festival de Semana Santa"]
[Site "Mondariz Balneario, Pontevedra"]
[Date "2011.04.17"]
[Round "2.4"]
[White "Monmeneu Chulia, Vicente Juan"]
[Black "Villar Perez, Samuel"]
[Result "0-1"]
[WhiteElo "1978"]
[BlackElo "2156"]
[PlyCount "52"]
[EventDate "2011.04.16"]

1. d4 Nf6 2. c4 g6 3. Nc3 d5 4. Bg5 Ne4 5. Bh4 Nxc3 6. bxc3 dxc4 7. e3 Be6 8.
Nf3 Bg7 9. Nd2 c5 10. Qa4+ Nc6 11. Bxc4 Bxc4 12. Qxc4 cxd4 13. cxd4 Rc8 14. Rc1
O-O 15. O-O Nxd4 16. Qxc8 Ne2+ 17. Kh1 Qxc8 18. Rxc8 Rxc8 19. Bxe7 Rc2 20. Ne4
Rxa2 21. Rd1 f5 22. Ng5 Ra1 23. Rxa1 Bxa1 24. h4 a5 25. Bd8 a4 26. Ne6 a3 0-1

[Event "VIII Festival de Semana Santa"]
[Site "Mondariz Balneario, Pontevedra"]
[Date "2011.04.17"]
[Round "2.5"]
[White "Ballesteros Galvez, Daniel"]
[Black "Beltran De Heredia E, Miguel"]
[Result "1/2-1/2"]
[WhiteElo "1683"]
[BlackElo "2116"]
[PlyCount "79"]
[EventDate "2011.04.16"]

1. e4 c5 2. c3 Nf6 3. e5 Nd5 4. d4 cxd4 5. Nf3 e6 6. cxd4 b6 7. Bc4 Bb7 8. Bd2
Be7 9. Nc3 Nxc3 10. Bxc3 Qc7 11. Bd3 Ba6 12. Bxa6 Nxa6 13. a3 Qb7 14. O-O O-O
15. Nd2 Rac8 16. Qf3 Qxf3 17. Nxf3 Rc6 18. Rfc1 Rfc8 19. Bd2 f5 20. Rxc6 Rxc6
21. Rc1 Rxc1+ 22. Bxc1 Nc7 23. Ne1 Nd5 24. Nd3 Kf7 25. g3 g5 26. Kg2 a5 27. f4
h6 28. Bd2 Ke8 29. Kf3 g4+ 30. Ke2 Kd8 31. b4 axb4 32. Bxb4 Bxb4 33. Nxb4 Nxb4
34. axb4 b5 35. Kd3 Kc7 36. d5 exd5 37. Kd4 Kc6 38. Kd3 Kb6 39. Kd4 Kc6 40. Kd3
1/2-1/2

[Event "VIII Festival de Semana Santa"]
[Site "Mondariz Balneario, Pontevedra"]
[Date "2011.04.17"]
[Round "2.6"]
[White "Clemente Llamero, Roberto"]
[Black "Saez Gabikagogeaskoa, Oscar"]
[Result "1-0"]
[WhiteElo "2114"]
[BlackElo "1968"]
[PlyCount "55"]
[EventDate "2011.04.16"]

1. e4 c5 2. Nf3 Nc6 3. d4 cxd4 4. Nxd4 e5 5. Nb5 a6 6. Nd6+ Bxd6 7. Qxd6 Qf6 8.
Qd1 Qg6 9. Nc3 Nge7 10. h4 h5 11. Bg5 d5 12. exd5 Nb4 13. Bxe7 Kxe7 14. Bd3
Nxd3+ 15. Qxd3 Qxd3 16. cxd3 b5 17. Ne4 Rd8 18. d6+ Ke6 19. Rc1 f5 20. Ng5+ Kd5
21. b4 Rd7 22. Rc5+ Kxd6 23. O-O Bb7 24. f4 e4 25. dxe4 fxe4 26. Rd1+ Ke7 27.
Re5+ Kd8 28. Ne6+ 1-0

[Event "VIII Festival de Semana Santa"]
[Site "Mondariz Balneario, Pontevedra"]
[Date "2011.04.17"]
[Round "2.8"]
[White "Montes Gutierrez, Ignacio"]
[Black "Nunez Alonso, Juan"]
[Result "1-0"]
[WhiteElo "2201"]
[BlackElo "1681"]
[PlyCount "95"]
[EventDate "2011.04.16"]

1. Nf3 g6 2. c4 Bg7 3. Nc3 Nf6 4. d4 d6 5. Bf4 O-O 6. h3 Nbd7 7. e3 c5 8. Be2
Qb6 9. Qd2 Re8 10. d5 Nf8 11. e4 Rd8 12. O-O a6 13. Ne1 e5 14. Bg5 Re8 15. Nd3
N8d7 16. f4 h6 17. Bxf6 Nxf6 18. fxe5 dxe5 19. Qe3 Nd7 20. Na4 Qc7 21. Naxc5
Nxc5 22. Qxc5 Qxc5+ 23. Nxc5 Bf8 24. Nd3 b6 25. b4 f5 26. Bf3 Bd7 27. a4 Rac8
28. Rfc1 Rc7 29. c5 bxc5 30. bxc5 fxe4 31. Bxe4 Bf5 32. Bxf5 gxf5 33. d6 Rd7
34. Nb4 Bxd6 35. cxd6 Rxd6 36. Rc6 Rxc6 37. Nxc6 Kf7 38. Rd1 Kf6 39. Rd6+ Kg5
40. Kf2 h5 41. Ke3 e4 42. Rd5 Re6 43. Rxf5+ Kxf5 44. Nd4+ Ke5 45. Nxe6 Kxe6 46.
Kxe4 h4 47. Kf4 Kd5 48. Kg4 1-0

[Event "VIII Festival de Semana Santa"]
[Site "Mondariz Balneario, Pontevedra"]
[Date "2011.04.17"]
[Round "2.9"]
[White "Montanes Arribas, Adrian"]
[Black "Perez Dominguez, David"]
[Result "1-0"]
[WhiteElo "2160"]
[BlackElo "1791"]
[PlyCount "57"]
[EventDate "2011.04.16"]

1. e4 c5 2. Nf3 d6 3. d4 cxd4 4. Nxd4 Nf6 5. Nc3 a6 6. Be3 e5 7. Nf3 Be7 8. Bc4
O-O 9. O-O Nc6 10. Re1 Be6 11. Nd5 Bxd5 12. exd5 Na5 13. Bf1 Rc8 14. b3 Ng4 15.
Bc1 f5 16. h3 Nh6 17. Bxh6 gxh6 18. c4 b6 19. Rc1 Nb7 20. b4 Qd7 21. a3 Kh8 22.
Qe2 Bf6 23. Qe3 f4 24. Qxb6 Rg8 25. c5 Qxh3 26. Qxb7 Qxf3 27. Qxc8 Qxa3 28. Qf5
Bh4 29. Bd3 1-0

[Event "VIII Festival de Semana Santa"]
[Site "Mondariz Balneario, Pontevedra"]
[Date "2011.04.17"]
[Round "2.10"]
[White "Lorenzo Duran, Marcos"]
[Black "Fernandez Andrade, Antonio"]
[Result "1-0"]
[WhiteElo "2140"]
[BlackElo "1825"]
[PlyCount "59"]
[EventDate "2011.04.16"]

1. c4 g6 2. d4 Bg7 3. e4 c5 4. Ne2 cxd4 5. Nxd4 Nc6 6. Nc2 Nf6 7. Nc3 d6 8. Be2
O-O 9. O-O Nd7 10. Re1 Nb6 11. Qd2 Be6 12. b3 Rc8 13. Bb2 Ne5 14. Ne3 a6 15. a4
Nc6 16. Ncd5 Bxb2 17. Qxb2 Bxd5 18. exd5 Ne5 19. a5 Na8 20. f4 Nd7 21. Bg4 Rb8
22. h4 Nc5 23. Qc2 f5 24. Bxf5 gxf5 25. Nxf5 Rxf5 26. Qxf5 Qf8 27. Qg5+ Qg7 28.
Qxg7+ Kxg7 29. Rxe7+ Kf6 30. Rae1 1-0

[Event "VIII Festival de Semana Santa"]
[Site "Mondariz Balneario, Pontevedra"]
[Date "2011.04.17"]
[Round "2.11"]
[White "Pousada Gonzalez, Almudena"]
[Black "Draghici Flutur, Gavril"]
[Result "0-1"]
[WhiteElo "1742"]
[BlackElo "2126"]
[PlyCount "52"]
[EventDate "2011.04.16"]

1. d4 Nf6 2. Nf3 e6 3. c4 Bb4+ 4. Bd2 a5 5. Nc3 b6 6. e3 O-O 7. Be2 Bb7 8. O-O
d6 9. a3 Bxc3 10. Bxc3 Ne4 11. Qc2 Nd7 12. Nd2 f5 13. f3 Nxd2 14. Qxd2 Qg5 15.
Bd3 e5 16. f4 exf4 17. exf4 Qg6 18. b4 axb4 19. axb4 Be4 20. Bc2 Nf6 21. c5
Bxc2 22. Qxc2 Ne4 23. Bb2 Qg4 24. Qd3 Rxa1 25. Bxa1 Ra8 26. Qc2 Ra3 0-1

[Event "VIII Festival de Semana Santa"]
[Site "Mondariz Balneario, Pontevedra"]
[Date "2011.04.17"]
[Round "2.12"]
[White "Fernandez Rey, Jorge"]
[Black "Olivera Gutierrez, Albert"]
[Result "1-0"]
[WhiteElo "1688"]
[BlackElo "2073"]
[PlyCount "43"]
[EventDate "2011.04.16"]

1. e4 c5 2. Nf3 Nc6 3. d4 cxd4 4. Nxd4 Qc7 5. Nc3 e6 6. g4 a6 7. a3 b5 8. Nce2
Nxd4 9. Qxd4 Qxc2 10. Be3 Qc7 11. Rc1 Qd8 12. Bg2 Bb7 13. O-O Be7 14. Bf4 d6
15. Rfd1 Nf6 16. e5 Nd5 17. exd6 Bf6 18. Be5 Bxe5 19. Qxe5 O-O 20. Nd4 Re8 21.
Nc6 f6 22. Nxd8 1-0

[Event "VIII Festival de Semana Santa"]
[Site "Mondariz Balneario, Pontevedra"]
[Date "2011.04.17"]
[Round "2.13"]
[White "Olivera Miras, Albert"]
[Black "Pimienta Sanchez, Manuel"]
[Result "0-1"]
[WhiteElo "1573"]
[BlackElo "1877"]
[PlyCount "52"]
[EventDate "2011.04.16"]

1. e4 d5 2. exd5 Nf6 3. Nc3 Nxd5 4. Nxd5 Qxd5 5. Nf3 Bf5 6. d3 Nc6 7. d4 Qe4+
8. Kd2 Nxd4 9. Bd3 Nxf3+ 10. Qxf3 Qxf3 11. gxf3 O-O-O 12. Ke2 Bxd3+ 13. cxd3 g6
14. Bf4 Bg7 15. Rhc1 c6 16. Rc2 Rd5 17. Rd1 e5 18. Be3 Kb8 19. Rc4 f5 20. f4
Re8 21. f3 exf4 22. Rxf4 Rde5 23. d4 Rxe3+ 24. Kf2 Re2+ 25. Kg3 Bf6 26. d5 Be5
0-1

[Event "VIII Festival de Semana Santa"]
[Site "Mondariz Balneario, Pontevedra"]
[Date "2011.04.17"]
[Round "2.14"]
[White "Picazo Gonzalez, Ana"]
[Black "Feijoo Novoa, Carlos"]
[Result "0-1"]
[WhiteElo "1722"]
[BlackElo "2089"]
[PlyCount "64"]
[EventDate "2011.04.16"]

1. d4 Nf6 2. c4 g6 3. Nc3 Bg7 4. e4 O-O 5. f4 d6 6. Nf3 Na6 7. Be2 e5 8. fxe5
dxe5 9. d5 Nc5 10. Bg5 h6 11. Bxf6 Qxf6 12. O-O Qe7 13. Kh1 a5 14. Rb1 f5 15.
exf5 Bxf5 16. Rc1 Kh7 17. Qd2 Bf6 18. Rce1 Rad8 19. Qe3 b6 20. h3 Qg7 21. g4
Bc8 22. Ne4 Be7 23. Nxc5 Bxc5 24. Qxe5 Qxe5 25. Nxe5 Bf2 26. Rd1 Rde8 27. Kg2
Bc5 28. Rxf8 Bxf8 29. Rf1 Bg7 30. Nxg6 Rxe2+ 31. Kf3 Re8 32. Nf4 Bxb2 0-1